000 nam a22 7a 4500
999 _c98042
_d98041
005 20191107120354.0
008 190212b ||||| |||| 00| 0 eng d
020 _a9789387439597
080 _aFM
_bBAL CL
245 _a365 Balakathakal (365 ബാലകഥകൾ )
260 _aKottayam
_bSahithya Pravarthaka Co-operative Society
_c2018
300 _a509p.
653 _aMalayalam literature - short stories
_achildren's literature
700 _aDas, C.R ed.by
942 _cCC